[Event "Deutsche Ländermeisterschaft 2018"]
[Site "Würzburg GER"]
[Date "2018.10.03"]
[Round "1"]
[White "Tovmasyan, Minas"]
[Black "Reitz, Theresa"]
[Result "0-1"]
[Termination "normal"]
[Board "8.6"]
[WhiteElo "1554"]
[BlackElo "1788"]
[WhiteClock "00:20:52"]
[BlackClock "00:19:25"]
[WhiteTeam "Mecklenburg-Vorpommern"]
[BlackTeam "Rheinland-Pfalz"]
[PlyCount "91"]
[WhiteFideId "16247620"]
[BlackFideId "12971901"]
[EventCountry "GER"]
[EventRounds "7"]
[EventType "team-swiss"]
[EventDate "2018.10.02"]

1. d4 {[%clk 1:30:58]} Nf6 {[%clk 1:30:51]} 2. c4 {[%clk 1:31:22]} g6 {[%clk
1:31:16]} 3. Nc3 {[%clk 1:31:48]} d5 {[%clk 1:31:38]} 4. Nf3 {[%clk 1:32:11]}
Bg7 {[%clk 1:31:51]} 5. g3 {[%clk 1:30:39]} O-O {[%clk 1:30:34]} 6. Bg2 {[%clk
1:29:44]} c6 {[%clk 1:27:51]} 7. cxd5 Nxd5 {[%clk 1:24:39]} 8. O-O {[%clk
1:17:39]} Nd7 {[%clk 1:16:10]} 9. e3 {[%clk 1:06:25]} N7f6 {[%clk 1:05:50]} 10.
Ne5 {[%clk 1:01:31]} Nxc3 {[%clk 0:53:55]} 11. bxc3 {[%clk 1:01:49]} Be6 {[%clk
0:52:00]} 12. Qa4 {[%clk 0:39:29]} Nd5 {[%clk 0:48:14]} 13. Qc2 {[%clk
0:33:00]} Qa5 {[%clk 0:42:46]} 14. Bd2 {[%clk 0:30:57]} Qc7 {[%clk 0:32:43]}
15. Nd3 {[%clk 0:28:27]} Nb6 {[%clk 0:31:55]} 16. Nc5 {[%clk 0:20:24]} Bc4
{[%clk 0:32:13]} 17. Rfb1 {[%clk 0:20:21]} Rab8 {[%clk 0:29:59]} 18. a4 {[%clk
0:17:52]} Nd7 {[%clk 0:27:44]} 19. Nxd7 {[%clk 0:15:43]} Qxd7 {[%clk 0:28:09]}
20. Rb4 {[%clk 0:15:44]} Be6 {[%clk 0:28:19]} 21. Rab1 {[%clk 0:09:53]} Rfc8
{[%clk 0:26:06]} 22. c4 {[%clk 0:06:47]} Bg4 {[%clk 0:18:18]} 23. Bc3 {[%clk
0:04:24]} b6 {[%clk 0:09:45]} 24. a5 {[%clk 0:02:33]} b5 {[%clk 0:05:34]} 25.
c5 {[%clk 0:02:16]} Qc7 {[%clk 0:04:27]} 26. R4b2 {[%clk 0:01:43]} e5 {[%clk
0:02:28]} 27. h3 {[%clk 0:01:09]} exd4 {[%clk 0:02:14]} 28. exd4 {[%clk
0:01:29]} Bf5 {[%clk 0:01:36]} 29. Be4 {[%clk 0:01:50]} Bxh3 {[%clk 0:01:52]}
30. Re1 {[%clk 0:01:26]} Rd8 {[%clk 0:01:36]} 31. Qd1 {[%clk 0:01:16]} Qd7
{[%clk 0:01:00]} 32. Rd2 {[%clk 0:00:56]} Be6 {[%clk 0:01:14]} 33. Qf3 {[%clk
0:00:55]} Rbc8 {[%clk 0:00:49]} 34. Red1 {[%clk 0:00:50]} Qb7 {[%clk 0:00:41]}
35. Bb4 {[%clk 0:00:35]} f5 {[%clk 0:00:44]} 36. Bc2 {[%clk 0:00:47]} Bd5
{[%clk 0:01:11]} 37. Qa3 {[%clk 0:00:36]} Re8 {[%clk 0:01:34]} 38. Bb3 {[%clk
0:00:53]} Qf7 {[%clk 0:01:44]} 39. Bxd5 {[%clk 0:00:40]} Qxd5 {[%clk 0:02:06]}
40. Qd3 {[%clk 0:00:33]} Re4 {[%clk 0:00:59]} 41. Qf3 {[%clk 0:25:34]} Rce8
{[%clk 0:24:20]} 42. Kg2 {[%clk 0:24:06]} Qc4 {[%clk 0:20:57]} 43. Qc3 {[%clk
0:23:27]} Qe6 {[%clk 0:21:22]} 44. Qb2 {[%clk 0:21:47]} Qd5 {[%clk 0:20:51]}
45. Bc3 {[%clk 0:20:52]} Bh6 {[%clk 0:19:25]} 46. Rd3 0-1

[Event "Deutsche Ländermeisterschaft 2018"]
[Site "Würzburg GER"]
[Date "2018.10.03"]
[Round "1"]
[White "Metzdorf, Matteo"]
[Black "Puls, Luisa"]
[Result "1-0"]
[Termination "normal"]
[Board "8.7"]
[WhiteElo "1806"]
[BlackElo "1456"]
[WhiteClock "00:02:12"]
[BlackClock "00:00:48"]
[WhiteTeam "Rheinland-Pfalz"]
[BlackTeam "Mecklenburg-Vorpommern"]
[PlyCount "71"]
[WhiteFideId "16209869"]
[BlackFideId "16266005"]
[EventCountry "GER"]
[EventRounds "7"]
[EventType "team-swiss"]
[EventDate "2018.10.02"]

1. e4 {[%clk 1:30:58]} c5 {[%clk 1:30:54]} 2. Nc3 {[%clk 1:31:21]} d6 {[%clk
1:31:12]} 3. g3 {[%clk 1:31:42]} g6 {[%clk 1:31:35]} 4. Bg2 {[%clk 1:32:06]}
Bg7 {[%clk 1:31:58]} 5. d3 {[%clk 1:32:20]} Nc6 {[%clk 1:32:05]} 6. Be3 {[%clk
1:32:20]} Rb8 {[%clk 1:32:02]} 7. Qd2 {[%clk 1:32:15]} b5 {[%clk 1:29:04]} 8.
f4 {[%clk 1:30:20]} b4 {[%clk 1:27:40]} 9. Nd1 {[%clk 1:30:41]} Nd4 {[%clk
1:18:39]} 10. c3 {[%clk 1:27:48]} bxc3 {[%clk 1:17:15]} 11. bxc3 {[%clk
1:27:02]} Nb5 {[%clk 1:16:26]} 12. Nf3 {[%clk 1:22:49]} f5 {[%clk 1:09:10]} 13.
O-O {[%clk 1:15:31]} Nh6 {[%clk 1:03:32]} 14. e5 {[%clk 1:03:15]} Ng4 {[%clk
0:50:47]} 15. d4 {[%clk 0:56:51]} O-O {[%clk 0:40:26]} 16. a4 {[%clk 0:38:12]}
Nc7 {[%clk 0:37:16]} 17. Nf2 {[%clk 0:33:35]} Nxe3 {[%clk 0:35:06]} 18. Qxe3
{[%clk 0:33:59]} Nd5 {[%clk 0:32:49]} 19. Qd2 {[%clk 0:31:48]} Qa5 {[%clk
0:27:25]} 20. exd6 {[%clk 0:24:08]} exd6 {[%clk 0:24:48]} 21. Qa2 {[%clk
0:22:15]} c4 {[%clk 0:16:24]} 22. Nd2 {[%clk 0:16:29]} Be6 {[%clk 0:13:07]} 23.
Nxc4 {[%clk 0:12:40]} Qxc3 {[%clk 0:09:54]} 24. Nxd6 {[%clk 0:11:57]} Qxd4
{[%clk 0:09:20]} 25. Rad1 {[%clk 0:11:44]} Nc7 {[%clk 0:06:50]} 26. Qc2 {[%clk
0:07:29]} Qb6 {[%clk 0:05:50]} 27. Qd3 {[%clk 0:05:33]} Qb4 {[%clk 0:04:01]}
28. Bc6 {[%clk 0:03:38]} Rfd8 {[%clk 0:03:07]} 29. Rb1 {[%clk 0:03:28]} Qc5
{[%clk 0:02:08]} 30. Rxb8 {[%clk 0:03:14]} Rxb8 {[%clk 0:02:30]} 31. Bf3 {[%clk
0:02:27]} Bf8 {[%clk 0:02:14]} 32. Nb7 {[%clk 0:02:26]} Bc4 {[%clk 0:01:14]}
33. Nxc5 {[%clk 0:02:43]} Bxd3 {[%clk 0:01:36]} 34. Ncxd3 {[%clk 0:03:10]} Kg7
{[%clk 0:01:11]} 35. Rc1 {[%clk 0:03:13]} Ne6 {[%clk 0:00:48]} 36. Kg2 {[%clk
0:02:12]} 1-0

[Event "Deutsche Ländermeisterschaft 2018"]
[Site "Würzburg GER"]
[Date "2018.10.03"]
[Round "1"]
[White "Zimmer, Luca"]
[Black "Sieber, Fiona"]
[Result "0-1"]
[Termination "normal"]
[Board "9.1"]
[BlackTitle "WIM"]
[WhiteElo "1645"]
[BlackElo "2277"]
[WhiteTeam "Saarland"]
[BlackTeam "Sachsen-Anhalt"]
[PlyCount "50"]
[WhiteFideId "12921424"]
[BlackFideId "12902373"]
[EventCountry "GER"]
[EventRounds "7"]
[EventType "team-swiss"]
[EventDate "2018.10.02"]

1.e4 c5 2.d4 cxd4 3.c3 Nf6 4.e5 Nd5 5.Nf3 e6 6.cxd4 d6 7.a3 Nc6 8.Bd3 g6 9.O-O
Bg7 10.Re1 O-O 11.Bd2 Qb6 12.Nc3 Nxd4 13.Nxd5 exd5 14.Bb4 Bg4 15.Bxd6 Bxf3
16.gxf3 Rfd8 17.Kg2 Rxd6 18.exd6 Qxd6 19.Qa4 b5 20.Bxb5 Qf4 21.Re3 Be5 22.Rh1
Rc8 23.Ba6 Qg5+ 24.Kh3 Rb8 25.Qd7 Ne6   0-1

[Event "Deutsche Ländermeisterschaft 2018"]
[Site "Würzburg GER"]
[Date "2018.10.03"]
[Round "1"]
[White "Pallas, Sebastian"]
[Black "Zha, Kevin"]
[Result "1-0"]
[Termination "normal"]
[Board "9.2"]
[WhiteElo "2278"]
[BlackElo "1570"]
[WhiteTeam "Sachsen-Anhalt"]
[BlackTeam "Saarland"]
[PlyCount "91"]
[WhiteFideId "12905453"]
[BlackFideId "16208951"]
[EventCountry "GER"]
[EventRounds "7"]
[EventType "team-swiss"]
[EventDate "2018.10.02"]

1.e4 g6 2.d4 Bg7 3.Nf3 d6 4.h3 Nf6 5.Nc3 O-O 6.Be2 c6 7.a4 Qc7 8.O-O Nbd7 9.Re1
e5 10.Bf1 exd4 11.Nxd4 Rd8 12.a5 Nf8 13.Bg5 Ne6 14.Nxe6 fxe6 15.Qd2 Rf8 16.Bf4
e5 17.Bc4+ Kh8 18.Bg5 Ne8 19.b4 Bf6 20.Rad1 Bxg5 21.Qxg5 Ng7 22.Qd2 Rd8 23.Re3
Be6 24.Bxe6 Nxe6 25.Rd3 Nd4 26.Ne2 Nxe2+ 27.Qxe2 Rd7 28.Qd2 Rad8 29.Qc3 a6
30.f4 Kg8 31.Qc4+ Kg7 32.f5 gxf5 33.Rg3+ Kh8 34.Qe6 Rf7 35.Rxd6 Qxd6 36.Qxf7
Qf8 37.Rg8+ Qxg8 38.Qf6+ Qg7 39.Qxd8+ Qg8 40.Qxg8+ Kxg8 41.exf5 Kf7 42.g4 Kf6
43.Kf2 e4 44.Ke2 Ke5 45.Ke3 h6 46.c4   1-0

[Event "Deutsche Ländermeisterschaft 2018"]
[Site "Würzburg GER"]
[Date "2018.10.03"]
[Round "1"]
[White "Jeschke, Jan"]
[Black "Roseneck, Jonas"]
[Result "0-1"]
[Termination "normal"]
[Board "9.3"]
[WhiteElo "1479"]
[BlackElo "2262"]
[WhiteTeam "Saarland"]
[BlackTeam "Sachsen-Anhalt"]
[PlyCount "78"]
[WhiteFideId "16225430"]
[BlackFideId "12939870"]
[EventCountry "GER"]
[EventRounds "7"]
[EventType "team-swiss"]
[EventDate "2018.10.02"]

1.e4 c5 2.d4 cxd4 3.c3 Nf6 4.e5 Nd5 5.Nf3 Nc6 6.cxd4 d6 7.a3 Bg4 8.Bb5 Qa5+
9.Nc3 Nxc3 10.Bxc6+ bxc6 11.Qd2 Bxf3 12.gxf3 dxe5 13.bxc3 exd4 14.Qxd4 Rd8
15.Qc4 Qd5 16.Qe2 e6 17.Be3 Bc5 18.Rg1 Bxe3 19.Qxe3 O-O 20.Ke2 Qb5+ 21.Ke1 Rd5
22.Rg4 Rd3 23.Qf4 f5 24.Rg3 Rfd8 25.Rc1 Qb2 26.Qh6 Qd2+ 27.Qxd2 Rxd2 28.f4 Rb2
29.Re3 Rdd2 30.Rxe6 Rxf2 31.Rb1 Rfe2+ 32.Rxe2 Rxb1+ 33.Kd2 Rb2+ 34.Kd3 Rxe2
35.Kxe2 Kf7 36.Kd3 h6 37.h4 g5 38.fxg5 hxg5 39.hxg5 Kg6   0-1

[Event "Deutsche Ländermeisterschaft 2018"]
[Site "Würzburg GER"]
[Date "2018.10.03"]
[Round "1"]
[White "Hartge, Gedeon"]
[Black "Chassard, Cedric"]
[Result "1-0"]
[Termination "normal"]
[Board "9.4"]
[WhiteElo "2214"]
[BlackElo "1786"]
[WhiteTeam "Sachsen-Anhalt"]
[BlackTeam "Saarland"]
[PlyCount "61"]
[WhiteFideId "12932116"]
[BlackFideId "16243536"]
[EventCountry "GER"]
[EventRounds "7"]
[EventType "team-swiss"]
[EventDate "2018.10.02"]

1.d4 e6 2.c4 d5 3.Nc3 Bb4 4.Nf3 Nf6 5.Qa4+ Nc6 6.e3 Ne4 7.Qc2 Ne7 8.Bd3 Bxc3+
9.bxc3 f5 10.Ne5 Nc6 11.Nf3 Ne7 12.Rb1 c6 13.Ba3 Ng6 14.O-O Nh4 15.Nxh4 Qxh4
16.f3 Nf6 17.cxd5 Nxd5 18.Rbe1 Ne7 19.g3 Qg5 20.f4 Qf6 21.e4 fxe4 22.Bxe4 g6
23.f5 gxf5 24.Bxf5 Nxf5 25.Rxf5 Qg6 26.Qf2 Qg7 27.Qf4 Bd7 28.Qc7 Rc8 29.Rxe6+
Bxe6 30.Qxg7 Bxf5 31.Qe7# 1-0

[Event "Deutsche Ländermeisterschaft 2018"]
[Site "Würzburg GER"]
[Date "2018.10.03"]
[Round "1"]
[White "Müller, Maximilian"]
[Black "Zeuner, Ole"]
[Result "0-1"]
[Termination "normal"]
[Board "9.5"]
[WhiteElo "1547"]
[BlackElo "1865"]
[WhiteTeam "Saarland"]
[BlackTeam "Sachsen-Anhalt"]
[PlyCount "83"]
[WhiteFideId "16243552"]
[BlackFideId "12943576"]
[EventCountry "GER"]
[EventRounds "7"]
[EventType "team-swiss"]
[EventDate "2018.10.02"]

1.e4 e5 2.Nf3 Nc6 3.Bb5 a6 4.Ba4 Nf6 5.d3 b5 6.Bb3 Be7 7.O-O O-O 8.c3 d5 9.Nbd2
d4 10.cxd4 exd4 11.h3 Nb4 12.Qe2 c5 13.Ne5 Qc7 14.f4 Nc6 15.Nxc6 Qxc6 16.e5 Nd7
17.f5 Nb6 18.Rf3 Kh8 19.f6 gxf6 20.exf6 Bd6 21.Ne4 c4 22.Nxd6 Qxd6 23.dxc4 bxc4
24.Bxc4 Nxc4 25.Qxc4 Bb7 26.Rf2 Rac8 27.Qd3 Rg8 28.Bh6 Rg6 29.Bg7+ Kg8 30.Re1
Qd5 31.Qe2 Bc6 32.Qd2 Rd8 33.b3 d3 34.Re3 Qd4 35.Kf1 Be4 36.g4 Rc8 37.Qe1 Bc6
38.a4 Qd5 39.Ref3 Qxb3 40.Re3 Qd5 41.Rh2 Bxa4 42.Kf2   0-1

[Event "Deutsche Ländermeisterschaft 2018"]
[Site "Würzburg GER"]
[Date "2018.10.03"]
[Round "1"]
[White "Dietz, Kristin"]
[Black "Fuchs, Emily"]
[Result "0-1"]
[Termination "normal"]
[Board "9.6"]
[WhiteElo "1762"]
[BlackElo "1335"]
[WhiteTeam "Sachsen-Anhalt"]
[BlackTeam "Saarland"]
[PlyCount "120"]
[WhiteFideId "12993743"]
[BlackFideId "16208986"]
[EventCountry "GER"]
[EventRounds "7"]
[EventType "team-swiss"]
[EventDate "2018.10.02"]

1.e4 e5 2.Nf3 Nc6 3.Bb5 a6 4.Ba4 Nf6 5.O-O Bc5 6.Re1 b5 7.Bb3 O-O 8.c3 Re8 9.d4
exd4 10.e5 Ng4 11.cxd4 Nxd4 12.Nxd4 Qh4 13.Bxf7+ Kxf7 14.Qf3+ Kg8 15.Bf4 Rf8
16.Qd5+ Kh8 17.Bg3 Qe7 18.Qxa8 Bxd4 19.Nc3 Nxf2 20.Rf1 Nd1+ 21.Bf2 Bxf2+ 22.Kh1
Ne3 23.Rxf2 Rxf2 24.Qxc8+ Qf8 25.Qxf8+ Rxf8 26.Re1 Nc4 27.b3 Nxe5 28.Kg1 Re8
29.Rd1 Kg8 30.Nd5 c5 31.Nb6 Rd8 32.Rc1 c4 33.bxc4 bxc4 34.Nxc4 Rc8 35.Nxe5
Rxc1+ 36.Kf2 d6 37.Nd3 Rc2+ 38.Kf3 Rxa2 39.Nb4 Ra3+ 40.Ke2 Kf7 41.Kd2 a5 42.Nc2
Rb3 43.Nd4 Rb2+ 44.Nc2 a4 45.Kc1 a3 46.Nxa3 Rxg2 47.Nc4 d5 48.Ne3 Rxh2 49.Nxd5
Ke6 50.Nf4+ Kf5 51.Nd3 g5 52.Kd1 g4 53.Ke1 Ke4 54.Nf2+ Kf3 55.Nd3 Ke3 56.Kf1
Kxd3 57.Kg1 g3 58.Kf1 g2+ 59.Kg1 Ke2 60.Kxh2 Kf2   0-1

[Event "Deutsche Ländermeisterschaft 2018"]
[Site "Würzburg GER"]
[Date "2018.10.03"]
[Round "1"]
[White "Huppert, Anna"]
[Black "Kageler, Anton Paul"]
[Result "0-1"]
[Termination "normal"]
[Board "9.7"]
[WhiteElo "1498"]
[BlackElo "1459"]
[WhiteTeam "Saarland"]
[BlackTeam "Sachsen-Anhalt"]
[PlyCount "76"]
[WhiteFideId "16214439"]
[BlackFideId "16244850"]
[EventCountry "GER"]
[EventRounds "7"]
[EventType "team-swiss"]
[EventDate "2018.10.02"]

1.e4 c5 2.Nc3 Nc6 3.f4 g6 4.Nf3 Bg7 5.Bb5 Nd4 6.Bc4 e6 7.d3 Ne7 8.Nxd4 cxd4
9.Ne2 O-O 10.e5 Nf5 11.O-O a6 12.Rf3 b5 13.Bb3 Bb7 14.Rf2 d6 15.c3 dxe5 16.fxe5
Bxe5 17.cxd4 Nxd4 18.Bf4 Bg7 19.Rc1 e5 20.Be3 Nf5 21.Bc5 Re8 22.Ng3 Nh6 23.Qe2
Bd5 24.Bxd5 Qxd5 25.b3 Rac8 26.Be3 Rxc1+ 27.Bxc1 Qe6 28.Ne4 Nf5 29.Ng5 Qc8
30.Qf1 Bf8 31.Ne4 Qc7 32.Nf6+ Kh8 33.Nxe8 Qd8 34.Bb2 Qxe8 35.Re2 Bc5+ 36.Kh1 f6
37.Rc2 Qf8 38.Rc1 Ng3+   0-1

[Event "Deutsche Ländermeisterschaft 2018"]
[Site "Würzburg GER"]
[Date "2018.10.03"]
[Round "1"]
[White "Schwenke, Mia"]
[Black "Alhassan, Jodi"]
[Result "1-0"]
[Termination "normal"]
[Board "9.8"]
[WhiteElo "1203"]
[BlackElo "1094"]
[WhiteTeam "Sachsen-Anhalt"]
[BlackTeam "Saarland"]
[PlyCount "65"]
[WhiteFideId "16263332"]
[BlackFideId "16250460"]
[EventCountry "GER"]
[EventRounds "7"]
[EventType "team-swiss"]
[EventDate "2018.10.02"]

1.e4 c5 2.Nf3 d6 3.d4 cxd4 4.Nxd4 Nf6 5.Nc3 a6 6.Be3 Nc6 7.Bc4 e6 8.Qd2 Be7
9.O-O-O O-O 10.Bb3 Bd7 11.Rhg1 Nxd4 12.Bxd4 e5 13.Be3 h6 14.f3 b5 15.g4 Ne8
16.g5 Bxg5 17.Bxg5 hxg5 18.Rxg5 a5 19.Rg2 Qf6 20.Nd5 Qh4 21.Rdg1 a4 22.Nb6 Ra7
23.Bd5 g6 24.Rxg6+ Kh7 25.Qg5 Qxg5+ 26.R6xg5 Kh6 27.Nxd7 Rxd7 28.R5g3 Nf6
29.Rh3+ Nh5 30.f4 exf4 31.e5 dxe5 32.Bf3 Rg8 33.Rxh5#   1-0

[Event "Deutsche Ländermeisterschaft 2018"]
[Site "Würzburg GER"]
[Date "2018.10.03"]
[Round "1"]
[White "Degenhard, Simon"]
[Black "Wendler, David"]
[Result "1-0"]
[Termination "normal"]
[Board "10.1"]
[WhiteTitle "FM"]
[WhiteElo "2235"]
[BlackElo "2156"]
[WhiteTeam "Württemberg 1"]
[BlackTeam "Württemberg 2"]
[PlyCount "129"]
[WhiteFideId "12944017"]
[BlackFideId "12938360"]
[EventCountry "GER"]
[EventRounds "7"]
[EventType "team-swiss"]
[EventDate "2018.10.02"]

1.d4 g6 2.e4 Bg7 3.Nc3 d6 4.f4 a6 5.Nf3 b5 6.Bd3 Bb7 7.O-O Nd7 8.e5 e6 9.a4 b4
10.Ne4 Bxe4 11.Bxe4 d5 12.Bd3 Ne7 13.c3 bxc3 14.bxc3 c5 15.Ba3 Qa5 16.Qe1 O-O
17.g4 Rfe8 18.f5 exf5 19.gxf5 gxf5 20.Kh1 cxd4 21.Bb4 Qb6 22.cxd4 f6 23.Rb1
fxe5 24.Bxe7 Qe6 25.Nh4 Rxe7 26.Nxf5 Rf7 27.dxe5 Nxe5 28.Nxg7 Rxg7 29.Rg1 Rxg1+
30.Qxg1+ Qg4 31.Qxg4+ Nxg4 32.Rg1 h5 33.h3 Kf7 34.hxg4 hxg4 35.Rxg4 a5 36.Kg2
Ke6 37.Kf3 Kd6 38.Ke3 Kc5 39.Bb5 Rh8 40.Rg6 Rh3+ 41.Kd2 Rh2+ 42.Kd3 Rh3+ 43.Ke2
Rh2+ 44.Kf3 Rh4 45.Ra6 Kb4 46.Ke3 Re4+ 47.Kd3 Rh4 48.Rd6 Kc5 49.Rc6+ Kb4 50.Rc8
Rg4 51.Rd8 Kc5 52.Kc3 Rg3+ 53.Bd3 Rg4 54.Rc8+ Kb6 55.Bb5 Rh4 56.Rc6+ Kb7 57.Rd6
Kc7 58.Rxd5 Kb6 59.Rd6+ Kb7 60.Kb3 Rh3+ 61.Kc4 Rh4+ 62.Kc5 Rh5+ 63.Rd5 Rh6
64.Rd7+ Kb8 65.Rd6   1-0

[Event "Deutsche Ländermeisterschaft 2018"]
[Site "Würzburg GER"]
[Date "2018.10.03"]
[Round "1"]
[White "Yi, Danny"]
[Black "Walter, Kevin"]
[Result "1-0"]
[Termination "normal"]
[Board "10.2"]
[WhiteElo "2092"]
[BlackElo "2196"]
[WhiteTeam "Württemberg 2"]
[BlackTeam "Württemberg 1"]
[PlyCount "79"]
[WhiteFideId "12988588"]
[BlackFideId "12906654"]
[EventCountry "GER"]
[EventRounds "7"]
[EventType "team-swiss"]
[EventDate "2018.10.02"]

1.e4 c5 2.Ne2 d6 3.Nbc3 e5 4.g3 g6 5.Bg2 Bg7 6.O-O Ne7 7.d3 Nbc6 8.f4 O-O 9.Kh1
Nd4 10.Nxd4 exd4 11.Ne2 f5 12.c3 dxc3 13.Nxc3 Rb8 14.Be3 Nc6 15.Re1 Re8 16.Rc1
Be6 17.Bg1 Qd7 18.Qd2 Kh8 19.Ne2 Bxa2 20.d4 cxd4 21.Nxd4 fxe4 22.Rxe4 Rxe4
23.Bxe4 d5 24.Bg2 Re8 25.Nxc6 bxc6 26.Ra1 Bc4 27.Rxa7 Qe6 28.h3 d4 29.Kh2 d3
30.Bf3 h5 31.Bf2 Bb5 32.Qb4 Qf6 33.Rxg7 Rd8 34.Ra7 d2 35.Ra8 c5 36.Rxd8+ Qxd8
37.Qxb5 d1=Q 38.Bxd1 Qxd1 39.Qxc5 Qe2 40.Qe5+   1-0

[Event "Deutsche Ländermeisterschaft 2018"]
[Site "Würzburg GER"]
[Date "2018.10.03"]
[Round "1"]
[White "Kölle, Tobias"]
[Black "Jakob, Georg"]
[Result "1-0"]
[Termination "normal"]
[Board "10.3"]
[WhiteElo "2125"]
[BlackElo "1959"]
[WhiteTeam "Württemberg 1"]
[BlackTeam "Württemberg 2"]
[PlyCount "49"]
[WhiteFideId "16207378"]
[BlackFideId "16224221"]
[EventCountry "GER"]
[EventRounds "7"]
[EventType "team-swiss"]
[EventDate "2018.10.02"]

1.d4 Nf6 2.c4 e6 3.Nf3 Bb4+ 4.Nc3 b6 5.e3 Bb7 6.Be2 Ne4 7.Qc2 O-O 8.O-O Bxc3
9.bxc3 f5 10.Rd1 Qf6 11.Ne1 e5 12.f3 Nd6 13.c5 bxc5 14.Qb3+ c4 15.Bxc4+ Nxc4
16.Qxc4+ Rf7 17.Qxc7 d6 18.dxe5 Qxe5 19.Qd8+ Rf8 20.Qxd6 Qxc3 21.Rb1 Qc8 22.Qe7
Ba6 23.Bb2 Qb7 24.Qxb7 Bxb7 25.Ba3   1-0

[Event "Deutsche Ländermeisterschaft 2018"]
[Site "Würzburg GER"]
[Date "2018.10.03"]
[Round "1"]
[White "Schallner, Marc"]
[Black "Richter, Nils"]
[Result "1/2-1/2"]
[Termination "normal"]
[Board "10.4"]
[WhiteElo "1931"]
[BlackElo "2035"]
[WhiteTeam "Württemberg 2"]
[BlackTeam "Württemberg 1"]
[PlyCount "41"]
[WhiteFideId "12971243"]
[BlackFideId "12990809"]
[EventCountry "GER"]
[EventRounds "7"]
[EventType "team-swiss"]
[EventDate "2018.10.02"]

1.e4 c5 2.Nf3 e6 3.c3 d5 4.exd5 Qxd5 5.d4 Nf6 6.Na3 Nc6 7.Nb5 Qd8 8.dxc5 Bxc5
9.Qxd8+ Kxd8 10.Bf4 Nd5 11.Bg3 a6 12.Nbd4 Nxd4 13.Nxd4 Bxd4 14.cxd4 Nb4 15.Rc1
b5 16.a3 Nd5 17.Be2 Bb7 18.Bf3 Rc8 19.O-O Kd7 20.h3 Rc4 21.b3   1/2-1/2

[Event "Deutsche Ländermeisterschaft 2018"]
[Site "Würzburg GER"]
[Date "2018.10.03"]
[Round "1"]
[White "Leser, Katrin"]
[Black "Zell, Mirjam"]
[Result "1-0"]
[Termination "normal"]
[Board "10.5"]
[WhiteElo "2018"]
[BlackElo "1797"]
[WhiteTeam "Württemberg 1"]
[BlackTeam "Württemberg 2"]
[PlyCount "65"]
[WhiteFideId "12997692"]
[BlackFideId "16208544"]
[EventCountry "GER"]
[EventRounds "7"]
[EventType "team-swiss"]
[EventDate "2018.10.02"]

1.e4 e5 2.Nf3 Nc6 3.Bb5 a6 4.Ba4 Nf6 5.O-O d6 6.Re1 Be7 7.c3 b5 8.Bc2 O-O 9.h3
Re8 10.d4 Bf8 11.Nbd2 g6 12.a4 Bb7 13.d5 Ne7 14.b4 c6 15.dxc6 Nxc6 16.Qe2 Qb6
17.Bd3 bxa4 18.Rxa4 d5 19.exd5 Nxd5 20.Ne4 Bg7 21.Bc4 Nf6 22.Nd6 Re7 23.Nxf7
Rxf7 24.Bxf7+ Kxf7 25.Qc4+ Kf8 26.Ng5 Nd8 27.Rd1 Nd5 28.Rxd5 Bxd5 29.Qxd5 Qc6
30.Nxh7+ Ke8 31.Qg8+ Kd7 32.Qxg7+ Kc8 33.Ra5   1-0

[Event "Deutsche Ländermeisterschaft 2018"]
[Site "Würzburg GER"]
[Date "2018.10.03"]
[Round "1"]
[White "Zell, Hannah"]
[Black "Deuer, Marius"]
[Result "0-1"]
[Termination "normal"]
[Board "10.6"]
[WhiteElo "1469"]
[BlackElo "1711"]
[WhiteTeam "Württemberg 2"]
[BlackTeam "Württemberg 1"]
[PlyCount "64"]
[WhiteFideId "16208900"]
[BlackFideId "16236432"]
[EventCountry "GER"]
[EventRounds "7"]
[EventType "team-swiss"]
[EventDate "2018.10.02"]

1.e4 c5 2.c4 Nc6 3.Nc3 g6 4.d3 Bg7 5.g3 d6 6.Bg2 e6 7.Nge2 Nge7 8.O-O O-O 9.Rb1
f5 10.f4 Bd4+ 11.Kh1 fxe4 12.dxe4 e5 13.a3 Be6 14.b3 a6 15.Nd5 b5 16.f5 gxf5
17.Nxe7+ Nxe7 18.Nxd4 cxd4 19.Bg5 Ra7 20.exf5 Bxf5 21.Bd5+ Kh8 22.Qf3 Qe8 23.g4
Nxd5 24.gxf5 Nf6 25.Bxf6+ Rxf6 26.Rbe1 Qa8 27.Rc1 Qxf3+ 28.Rxf3 Raf7 29.cxb5
axb5 30.Rc6 e4 31.Rf4 d5 32.Rc5 Rxf5   0-1

[Event "Deutsche Ländermeisterschaft 2018"]
[Site "Würzburg GER"]
[Date "2018.10.03"]
[Round "1"]
[White "Liu, Sijia Anna"]
[Black "Wildermuth, Nikolas Karl"]
[Result "1-0"]
[Termination "normal"]
[Board "10.7"]
[WhiteElo "1730"]
[BlackElo "1539"]
[WhiteTeam "Württemberg 1"]
[BlackTeam "Württemberg 2"]
[PlyCount "72"]
[WhiteFideId "12989746"]
[BlackFideId "16244699"]
[EventCountry "GER"]
[EventRounds "7"]
[EventType "team-swiss"]
[EventDate "2018.10.02"]

1.e4 c5 2.Nf3 d6 3.d4 cxd4 4.Nxd4 Nf6 5.Nc3 g6 6.Be3 Ng4 7.Bb5+ Nc6 8.Nxc6 bxc6
9.Bxc6+ Bd7 10.Bxa8 Qxa8 11.Nd5 Nxe3 12.fxe3 Qb7 13.Qd4 Rg8 14.O-O Bg7 15.Qd2
Bc6 16.Rab1 f5 17.c4 e6 18.Nc3 Be5 19.Rbd1 Ke7 20.Nb5 Rd8 21.Qf2 a6 22.Qh4+ Ke8
23.Nd4 Bxd4 24.Rxd4 e5 25.Rd2 Bxe4 26.Qf6 Qe7 27.Qxe7+ Kxe7 28.Rfd1 Ke6 29.Kf2
g5 30.h3 h5 31.Rc1 Rc8 32.Rc3 g4 33.Ra3 Rxc4 34.Rxa6 Rc2 35.Raxd6+ Ke7 36.Rxc2
Bxc2   1-0

[Event "Deutsche Ländermeisterschaft 2018"]
[Site "Würzburg GER"]
[Date "2018.10.03"]
[Round "1"]
[White "Bako, Evelin"]
[Black "Wörz, Ann-Sophie"]
[Result "1/2-1/2"]
[Termination "normal"]
[Board "10.8"]
[WhiteElo "1002"]
[BlackElo "1463"]
[WhiteTeam "Württemberg 2"]
[BlackTeam "Württemberg 1"]
[PlyCount "43"]
[WhiteFideId "16271823"]
[BlackFideId "16265890"]
[EventCountry "GER"]
[EventRounds "7"]
[EventType "team-swiss"]
[EventDate "2018.10.02"]

1.d4 Nf6 2.Nf3 d5 3.e3 Bg4 4.Nbd2 e6 5.a3 Bd6 6.Be2 b6 7.O-O c5 8.b3 O-O 9.Bb2
Qc7 10.c4 Re8 11.Bd3 Bxh2+ 12.Kh1 Bd6 13.Qe1 Nbd7 14.e4 dxe4 15.Nxe4 cxd4
16.Nxd4 Nxe4 17.Bxe4 Rac8 18.Nb5 Qb8 19.Qd2 Nc5 20.Nxd6 Red8 21.Be5 Nxe4 22.Qd4
  1/2-1/2